| 000 | 00776nam a2200205Ia 4500 | ||
|---|---|---|---|
| 999 |
_c43252 _d43252 |
||
| 005 | 20240530103905.0 | ||
| 008 | 140319s9999 xx 000 0 ara d | ||
| 017 | _bمصر. دار الكتب | ||
| 040 |
_aGCL / _cGCL |
||
| 082 | 0 | 4 |
_a301.21 _bن ت _221 |
| 100 | 1 | _aنبيل السمالوطى | |
| 245 | 1 | 0 |
_aالتوجيه الاسلامى وصراع المنطلقات والنظريات فى علم الاجتماع : _bدراسة نقدية فى علم اجتماع المعرفة / _cنبيل السمالوطى |
| 300 | _a109 ص | ||
| 650 | 0 | 4 |
_aالاسلام والمجتمع _2qrmak |
| 650 | 0 | 4 |
_aالثقافة _2qrmak |
| 650 | 0 | 4 |
_aالاجتماع، علم _2qrmak |
| 650 | 0 | 4 |
_aالمعرفة الموضوعية _2qrmak |
| 651 | _2qrmak | ||
| 942 |
_2ddc _cBK |
||